Générique Les Enquêtes de Prudence Petitpas - Paroles - Statistiques

Statistiques générales
  • Ce quiz a été pris 10 fois
  • Le résultat moyen est 18 sur 22
Statistiques - réponses
Paroles % Correct
Je mène l'{enquête}
100%
Ne reculent devant {rien}
100%
Nous serons toujours {là}
100%
Oui, c'est bien {moi}
100%
Prudence {Petitpas}
100%
Prudence {Petitpas}
100%
Avec ma voiture et mon {chat}
89%
Bonjour ! {Bonjour} !
89%
Bonjour ! {Bonjour} !
89%
Bonjour ! {Bonjour} !
89%
Monsieur le {Commissaire}
89%
Quoi qu'il en {soit}
89%
Voici déjà la clef du {mystère}
89%
Amis de {toujours}
78%
Cyprien, Jojo et ses {copains}
78%
Trouve toujours la {solution}
78%
Je fais la chasse aux {malfrats}
67%
Il faut que je m'en {mêle}
56%
Je fouille, j'{interroge}
56%
N'en déplaise aux soeurs {Béchamel}
56%
Je {suspecte}
44%
Notre joli village de {Moucheron}
44%
Aucun quiz correspondant
Distribution des résultats
% des personnes avec chaque résultat
Percentile par nombre de réponses
Votre historique - résultats
Vous n’avez pas pris ce quiz